000 00369nam a22001577a 4500
003 SGT
020 _a978-0-19-870847-6
082 _a617.96
_bO17H
100 _aHARDMAN, JONATHAN G.
245 _aOXFORD TB. OF ANESTHESIA VOL. 1&2
250 _a1ST
260 _aU.K.
_bOXFORD UNIVERSITY
_c2017
300 _a1- 807, 1569
650 _aANESTHESIA
942 _2ddc
_cBK
999 _c18700
_d18700